000 00349nam a2200145Ia 4500
008 230917s9999||||xx |||||||||||||| ||und||
040 _e13668
_aMAIN
041 _aEnglish
082 _a338.9 S71O
100 _aShroff, A D
245 0 _aOn planning and finance in India
260 _aBombay
_bLalvani
_c1966
300 _axii, 297 p.
942 _cBK
999 _c60082
_d60082